000
nam a22 7a 4500
999
_c
50544
_d
50544
003
OSt
005
20210312125740.0
008
210312b xxu||||| |||| 00| 0 eng d
040
_c
IIMT UNIVERSITY MEERUT
100
_a
PARK .K
245
_a
PREVENTIVE & SOCIAL MEDICINE
260
_b
BHARAT
_c
2009
300
_a
832
942
_2
ddc
_c
01